Enigme Jojo 's Bizarre Adventure - Statistiques

Statistiques générales
  • Ce quiz a été pris 2 257 fois
  • Le résultat moyen est 10 sur 26
Statistiques - réponses
Hint Réponse % Correct
A Utilisateur de Star Platinum Jotaro Kujo
100%
C Ennemi de A et H , Avait rendu malade D Dio Brando
75%
B Fils de H et Oncle de A Josuke Higashikata
71%
H Père de D Joseph Joestar
63%
D Mère de A Holly Kujo
57%
F Avait enfilé une bague au coeur de H Wammu
49%
E Très bon ami de B et M Okuyasu Nijimura
47%
N Avait entraîné H et J Lisa Lisa
46%
M Ami de B et E , En couple avec O Koichi Hirose
44%
Q Fils de C , Ami de U Giorno Giovanna
43%
J Meilleur ami de H , tué par F Caesar Zepelli
42%
I Grand serviteur de C Vanilla Ice
41%
L Femme de H , Servnate de N Suzi Q
39%
S Tué par I , allié de A Iggy
33%
T Tué par Q , Avait tué U Diavolo
31%
G Allié de F , Avait possédé L Esidisi
28%
Z Grand-mère de H Erina Pendleton
27%
K Tué par I , avait capturé S Muhammad Avdol
27%
U Mentor de Q et W, Tué par T Bruno Buccellati
25%
W Fille de T Trish Una
25%
Y Assasin de X , Avait tué P Yoshikage Kira
22%
O Amoureuse de M Yukako Yamagishi
21%
P Radin ,Avait tenté d'arnaquer B et E Shigechi Yangu
20%
R Frère de E Keicho Nijimura
14%
V Avait déjà fait pleurer E Tonio Trussardi
13%
X Sauvé par B ,E et M , Tué par Y Reimi Sugimoto
7%
Aucun quiz correspondant
Distribution des résultats
% des personnes avec chaque résultat
Percentile par nombre de réponses
Votre historique - résultats
Vous n’avez pas pris ce quiz